000 01811nam a2200457 c 4500
999 _c390685
_d390685
003 BLK
005 20250628131922.0
008 180409b bul|||||r ||||||| ||bul||
010 _aKNG00137666000
020 _a9789542620297
040 _aBLK
041 _aBUL
_cBUL
072 7 _2bullib
_aН15
_xПсихология Н
080 _aПсихология на пола
_b159.922.1
_x-055.2(02.062)
_z159.922.1-055.2(02.062)
080 _aСоциално поведение. Социална психология
_b316.6
_x-055.2(02.062)
_z316.6-055.2(02.062)
100 _aКумс, Шари
_eпърви автор
_91299
139 _aКумс, Шари
_bК 93
245 1 0 _aНаръчник за тийнейджъри за (почти) всичко
_bМомичета: Как да сме здрави и щастливи през пубертета
_cШари Кумс; прев. от англ. Нина Руева; ил. Линдзи Сейгър.
257 _aGBR
260 _aПловдив
_bХермес
_c2020
_fКостинброд : Мултипринт
_9209439
_n978-954-26- ; 978-954-459-
300 _a71 с.
_bс ил.
_c24 см
380 _a1
650 0 _aПубертет - девойки
_9247563
653 7 _aпубертет
_9194910
653 _aсоциална психология
653 _aжени
659 _aН
700 _aРуева, Нина Стоянова
_eпрев. от англ.
_9373221
700 _aСейгър, Линдзи
_eил.
_9599
852 _aЦб 306864
856 4 _qpdf
856 4 _qpdf
942 _cKNG
_n0
_s1
_031
944 _aCR
_c2020-10-26
_k30542
_lРусанова Ирена
944 _aED
_c25.04.2013
999 _d390685
999 _d390685
999 _d390685
999 _d390685
999 _d131828